[Event "86th UKR-ch Men 2017"]
[Site "Zhytomyr"]
[Date "2017.12.13"]
[Round "7"]
[White "Shevchenko, Kirill"]
[Black "Kovchan, Alexander"]
[Result "1-0"]
[WhiteElo "2547"]
[BlackElo "2592"]
[Annotator "TA"]
[PlyCount "79"]
[EventDate "2017.??.??"]
[EventType "tourn"]
[EventCountry "UKR"]
[SourceTitle "playchess.com"]
[Source "ChessBase"]
[SourceQuality "1"]

{[%evp 18,79,10,6,56,34,43,48,53,51,51,43,139,143,133,145,147,149,139,149,150,151,156,152,150,86,135,146,133,135,399,383,341,356,873,858,551,825,798,799,1122,1088,990,858,1102,1031,968,925,1893,1804,1487,1483,9615,9403,5731,5656,5616,5102,4727,4702,29985,29986,29986,29987]} 1. d4 Nf6 2. c4 g6 3. Nc3 d5 4. cxd5 Nxd5 5. e4 Nxc3 6. bxc3 Bg7 7. Be3 c5 8. Nf3 {[%cal Bg1f3,Bf3d2,Bd2c4,Bc4e5][%mdl 32]} Qa5 9. Nd2 {D85: Exchange Grünfeld: Unusual White 7th moves and lines with 7 Nf3} O-O 10. Be2 {LiveBook: 13 Games} Qd8 $146 {[%cal Rc5d4]} ({Predecessor:} 10... b6 11. O-O Ba6 12. Rc1 Bxe2 13. Qxe2 Qxa2 14. Ra1 Qe6 15. d5 Qc8 16. Ra3 Nd7 {1-0 (50) Mamedyarov,S (2791)-Ragger,M (2659) Heraklio 2017}) 11. d5 {White is slightly better.} Bxc3 12. Rc1 Bd4 13. Bxd4 cxd4 14. Nc4 e5 (14... e6 $14) 15. Nxe5 $16 Re8 16. Qxd4 Nc6 17. Nxc6 bxc6 18. Rxc6 {aiming for 0-0.} Qa5+ {[#]} 19. Qd2 $1 {[%cal Rd2a5]} Qxd2+ 20. Kxd2 {Hoping for Rhc1.} Rxe4 21. Rc4 (21. Bc4 $142) 21... Rxe2+ 22. Kxe2 {[%mdl 4096] Endgame Threatens to win with Rc7. KRR-KRB} Ba6 23. Kd3 Rb8 $2 {[%mdl 8192]} (23... Kf8 $16) 24. Kd4 $18 Bxc4 25. Kxc4 {KR-KR} Kf8 $2 (25... f6 26. d6 Kf7) 26. Re1 Rb2 27. d6 Rd2 28. Kc5 f5 29. Kc6 Rc2+ 30. Kb7 Rb2+ 31. Kc7 Rc2+ 32. Kd8 Rxf2 33. d7 Rc2 34. Rb1 Rxg2 35. Kc7 Rc2+ 36. Kd6 Rd2+ {[#]} 37. Ke6 $1 Kg7 38. Rb5 f4 39. Rd5 Re2+ 40. Kd6 {Precision: White = 88%, Black = 28%.} 1-0

[Event "86th UKR-ch Men 2017"]
[Site "Zhytomyr"]
[Date "2017.12.13"]
[Round "7"]
[White "Neverov, Valeriy"]
[Black "Bernadskiy, Vitaliy"]
[Result "0-1"]
[WhiteElo "2496"]
[BlackElo "2583"]
[Annotator "TA"]
[PlyCount "94"]
[EventDate "2017.??.??"]
[EventType "tourn"]
[EventCountry "UKR"]
[SourceTitle "playchess.com"]
[Source "ChessBase"]
[SourceQuality "1"]

{[%evp 22,94,0,0,0,0,0,-18,46,35,64,59,51,68,76,91,85,88,83,95,91,83,83,96,129,25,29,8,19,22,35,24,32,42,118,68,212,202,194,78,78,77,75,85,97,24,286,0,0,0,0,0,0,0,0,-107,-106,-105,-116,-225,-216,-292,-295,-295,-295,-294,-293,-599,-599,-599,-599,-599,-599,-570,-556]} 1. d4 Nf6 2. c4 e6 3. Nc3 Bb4 4. e3 O-O 5. Bd3 d5 6. a3 Bxc3+ 7. bxc3 dxc4 8. Bxc4 c5 9. Ne2 Qc7 10. Bd3 Nc6 {[%cal Bb8c6,Bc6a5,Ba5c4][%mdl 32]} 11. f4 {E49: Nimzo-Indian: Rubinstein: 5 Bd3 d5 6 a3 Bxc3+ 7 bxc3} (11. O-O e5 12. Qc2 Be6 13. dxe5 Nxe5 14. Nf4 Nxd3 15. Qxd3 Rad8 16. Nxe6 fxe6 17. Qc4 Qc6 18. Rb1 Nd7 {0-1 (34) Aleksandrov,A (2617)-Polgar,J (2711) Dresden 2008}) 11... b6 12. O-O {LiveBook: 4 Games} Bb7 13. Ng3 {The position is equal.} Na5 14. Bb2 $146 ({Predecessor:} 14. Qe2 Nb3 15. Bb2 Nxa1 16. Bxa1 c4 17. Bxc4 Ne4 18. Bd3 f5 19. Bxe4 Bxe4 20. Nxe4 fxe4 {½-½ (50) Huguet,H-Casas,F Buenos Aires 1951}) 14... Qc6 (14... Nd5 $11 15. Qe2 (15. Qh5 g6 $15) 15... c4) 15. Qe2 $14 Rac8 16. e4 cxd4 17. cxd4 Nc4 18. Rac1 b5 19. f5 Qb6 20. fxe6 fxe6 21. Ba1 $1 Nd7 22. a4 (22. Bxc4 $6 Rxf1+ 23. Rxf1 bxc4 $11) 22... a6 23. h3 (23. Bxc4 $6 Rxf1+ 24. Rxf1 bxc4 $11) (23. Kh1 $1 $16) 23... Nde5 $11 24. Kh2 Nxd3 25. Qxd3 Qd6 26. axb5 axb5 {[#]} 27. d5 $1 {[%mdl 512]} g6 (27... exd5 $14 28. Qd4 Qd7) 28. Rb1 Ba6 (28... Rxf1 $14 29. Rxf1 Ra8) 29. Bc3 $18 {Threatens to win with Bb4.} Rxf1 30. Qxf1 ({Stronger than} 30. Rxf1 b4 $11) (30. Bb4 $1 $18 {[%cal Rb4d6]} Nb2 31. Rxb2 (31. Bxd6 Nxd3 32. Rxf1 exd5 $15) (31. Qxf1 Qxb4 32. Qf6 Re8 $11)) 30... exd5 $16 31. Bb4 $1 {[%cal Rb4d6]} Qe5 {Hoping for ...h5.} 32. exd5 {Black must now prevent Re1.} Qxd5 {[#] Black wants to play ...Ne3.} 33. Rd1 (33. Re1 $1 $16 {[%cal Re1e7]} Bb7 34. Re7) 33... Qc6 $2 {[%mdl 8192]} (33... Qf7 $1 $11) 34. Rd4 $2 ({White has to play} 34. Rd3 $18) 34... Ne3 $1 $11 {[%cal Re3f1]} 35. Qf2 Bb7 $1 {[%cal Rc6g2]} 36. Re4 Nd5 37. Ba3 Qf6 38. Qd2 (38. Qe2 $11) 38... Qc3 $36 {[%mdl 2048] Black has strong initiative.} 39. Qxc3 Rxc3 40. Re8+ (40. Bd6 $17) 40... Kf7 $19 41. Rh8 {[#]} Bc6 $1 ({Not} 41... Rxa3 42. Rxh7+ Kf6 43. Rxb7 $17) 42. Rxh7+ Kg8 43. Ra7 {intending Ne2.} b4 44. Bb2 $2 (44. Bxb4 {nothing else works.} Nxb4 45. Re7) 44... Rc2 {Black is clearly winning.} 45. Rg7+ Kf8 46. Rxg6 Ne7 ({Weaker is} 46... Rxb2 47. Rxc6 b3 48. Rc8+ Kf7 49. Rb8 $11) 47. Rf6+ Ke8 {Precision: White = 52%, Black = 52%.} 0-1

[Event "86th UKR-ch Men 2017"]
[Site "Zhytomyr"]
[Date "2017.12.13"]
[Round "7"]
[White "Gasanov, Eldar"]
[Black "Onischuk, Vladimir"]
[Result "1/2-1/2"]
[WhiteElo "2488"]
[BlackElo "2637"]
[Annotator "TA"]
[PlyCount "118"]
[EventDate "2017.??.??"]
[EventType "tourn"]
[EventCountry "UKR"]
[SourceTitle "playchess.com"]
[Source "ChessBase"]
[SourceQuality "1"]

{[%evp 10,118,45,37,47,28,26,33,58,22,39,20,16,36,25,20,23,37,34,18,25,-9,-12,-25,-8,-22,-24,-18,-11,-58,-13,-11,0,-10,-2,-10,-7,-27,0,-15,-18,-33,-34,-98,-56,-72,-14,-42,-22,-29,-16,-39,-38,-55,-43,-87,-83,-128,-61,-87,0,-103,-90,-110,-104,-90,-73,-123,-127,-282,-288,-290,-287,-250,-165,-153,-160,-187,-125,-356,-235,-229,-231,-219,-235,-330,-257,-263,-205,-202,-206,-195,-198,-214,0,0,0,0,0,0,0,0,0,0,0,0,0,0,0,0,0]} 1. d4 d6 2. c4 e5 3. d5 Nf6 4. Nc3 Na6 (4... Bf5 5. f3 e4 6. g4 Nxg4 7. fxg4 Qh4+ 8. Kd2 e3+ 9. Kxe3 Qg5+ 10. Kf2 Qh4+ 11. Ke3 Qg5+ 12. Kf2 Qh4+ 13. Ke3 Qg5+ 14. Kf2 Qh4+ {½-½ (14) Korobov,A (2679)-Filippov,A (2589) Bol 2014}) 5. e4 c6 6. Bd3 {LiveBook: 3 Games. A53: Old Indian Defence without Nf3} Bd7 7. Nge2 Be7 8. O-O $146 {White has an edge.} ({Predecessor:} 8. Ng3 Nc5 9. Bc2 cxd5 10. cxd5 a5 11. Qe2 a4 12. O-O Qa5 13. Bd2 {1-0 (57) Zahn,R (2077)-Bub,V (2179) Solingen 2011}) 8... O-O 9. a3 cxd5 10. cxd5 Nc5 11. Bc2 a5 12. Be3 Na6 13. f3 b5 14. Bd3 Qb8 15. Ng3 Nc5 16. Be2 b4 17. axb4 Qxb4 18. Ra2 Rfc8 19. Nf5 Bf8 (19... Bxf5 $5 20. exf5 Bd8 $15) 20. g4 Nb3 21. Qe1 Nd4 22. Bd1 a4 23. Bd2 Nb3 24. Bg5 Ne8 25. Ne3 Nd4 26. Nb1 ({White should try} 26. Rf2 $15) 26... Qb6 27. Nc3 {[#]} Nb3 ({Black should play} 27... a3 $1 $17 {[%mdl 512]} 28. bxa3 (28. Rxa3 Rxa3) 28... g6) 28. Ra3 h6 29. Bh4 Nc5 30. Qd2 Qb4 31. Be1 Rcb8 32. Rf2 Be7 {[%cal Bf8e7,Be7g5,Bg5f4][%mdl 32]} 33. Na2 Qb5 (33... Qb6 $17 34. Nc4 Qc7) 34. Nc3 Qb4 35. Na2 $1 {[%cal Ra2b4]} Qb7 36. Rg2 Nc7 $1 {[%cal Rc7b5]} 37. Nc3 Bg5 38. h4 Bf4 39. Qe2 $2 (39. Bg3 $17 {was the only defense.}) 39... Nb5 $19 40. Nxb5 Bxb5 41. Qd2 {[#]} Nb3 $1 {[%mdl 512]} 42. Qf2 (42. Bxb3 axb3) 42... Nc1 $1 43. Qd2 {[#]} Rc8 (43... Nd3 $1 $19 {[%mdl 512]} 44. Rxd3 Bxd3 45. Qxd3 Qa7) 44. Bg3 $2 (44. Kh1 $17) 44... Qb6 45. Kh2 {[#]} Nb3 $1 {[%cal Rb3d2][%mdl 512]} 46. Rxb3 {aiming for Ra3.} (46. Bxb3 Bxe3) 46... Bxg3+ $1 ({Resist} 46... axb3 47. Bxf4 exf4 48. Nf5 $17) 47. Rxg3 (47. Kxg3 {was necessary.} axb3 48. Nf5) 47... axb3 48. Nf5 Kf8 49. g5 h5 50. g6 {Black must now prevent gxf7.} f6 {Hoping for ...Ra1.} 51. f4 {[#] and the idea fxe5 leaves White hopeful.} Ba4 $2 (51... Ra4 $1 $19 {[%cal Ra4e4]} 52. fxe5 dxe5) 52. Qe2 {The position is equal.} Bd7 ({But not} 52... exf4 $2 {[#]} 53. Qxh5 $1 {[%mdl 512]} Rc2+ 54. Rg2 $18) 53. Rxb3 Qa7 {...Bxf5 is the strong threat.} 54. Ra3 Qb6 55. Rb3 Qa7 {And now ...Bxf5 would win.} 56. Ra3 Qb6 57. Rb3 Qa7 {Strongly threatening ...Bxf5.} 58. Ra3 Qb6 59. Rb3 Qa7 {Precision: White = 42%, Black = 67%.} 1/2-1/2

[Event "86th UKR-ch Men 2017"]
[Site "Zhytomyr"]
[Date "2017.12.13"]
[Round "7"]
[White "Golubka, Petro"]
[Black "Oleksiyenko, Mykhaylo"]
[Result "1-0"]
[WhiteElo "2475"]
[BlackElo "2615"]
[Annotator "TA"]
[PlyCount "89"]
[EventDate "2017.??.??"]
[EventType "tourn"]
[EventCountry "UKR"]
[SourceTitle "playchess.com"]
[Source "ChessBase"]
[SourceQuality "1"]

{[%evp 21,89,54,47,58,54,54,54,52,68,58,93,82,97,0,86,48,91,78,79,50,52,45,104,93,97,108,95,105,91,93,106,85,110,122,121,125,115,119,131,113,89,103,137,113,113,113,113,113,113,113,113,113,112,112,112,100,155,23,239,23,411,491,471,330,434,429,29972,6070,29977,29974]} 1. e4 e5 2. Nf3 Nc6 3. Bb5 f5 4. Nc3 fxe4 5. Nxe4 Nf6 6. Nxf6+ Qxf6 7. Qe2 Be7 8. Bxc6 bxc6 9. Nxe5 {C63: Spanische Partie (Jänisch-Gambit)} Qe6 10. d4 O-O 11. Nd3 Qf7 {LiveBook: 4 Partien} (11... Qxe2+ 12. Kxe2 d6 13. Be3 a5 14. a4 Bf5 15. Kd2 Bf6 16. Rad1 Rab8 {½-½ (66) Volokitin,A (2649)-Radjabov,T (2710) Doha 2016}) 12. Be3 d6 13. O-O Bf6 14. Qd2 $146 ({Vorgänger:} 14. c3 a5 15. Rfe1 Ba6 16. Qc2 Bh4 {0-1 (34) Gu,X (2257)-Wang,Y (2372) Xinghua 2012}) 14... a5 15. a4 Ba6 16. Rfe1 Bh4 17. Rf1 (17. Re2 $16) 17... Qf5 (17... Bf6 $1 $11 {hält das Gleichgewicht.}) 18. b3 c5 19. dxc5 dxc5 20. f3 c4 21. bxc4 Bxc4 ({Günstiger ist} 21... Bf6 $14) 22. Qc3 $16 Qd5 {Droht ...Lf6.} 23. Bd4 $1 Bxd3 24. cxd3 Bf6 25. Bxf6 Rxf6 26. Rac1 c6 27. Rfe1 Rd8 28. Re4 h6 29. d4 Re6 30. Re5 Rxe5 31. dxe5 {[%mdl 4096] Endspiel KDT-KDT} Kf7 32. f4 ({Ein No Go ist} 32. Qxc6 $6 Qd4+ 33. Kf1 Qd3+ 34. Kg1 Qd4+ 35. Kf1 Qd3+ 36. Kg1 Qd4+ $11) 32... Qd4+ 33. Qxd4 Rxd4 {KT-KT} 34. g3 ({Doch nicht} 34. Rxc6 $6 Rxf4 35. Rc7+ Kg6 $11) 34... Rxa4 35. Kf2 Ra2+ 36. Kf3 Rxh2 37. Rxc6 Rb2 38. Rc7+ Kg6 39. g4 (39. Ke4 $1 $16 {Droht stark f5+.} Rb4+ 40. Kd5) 39... Rb3+ $11 {[#]} 40. Kg2 $2 (40. Ke4 $1 $18 {Droht f5+ und aus.} Rb4+ 41. Ke3 Rb3+ 42. Kd2 Rb2+ 43. Kc3) 40... a4 $2 {[%mdl 8192]} (40... h5 $1 $11 {und Schwarz steht sicher.}) 41. f5+ $18 Kg5 42. Rxg7+ Kf4 43. e6 {[%cal Be5e6,Be6e7][%mdl 32]} Rb8 {[#]} (43... Rb2+ $18 44. Kh3 Rb1) 44. e7 $1 Ke5 45. Rg6 {Precision: Weiß = 58%, Schwarz = 51%.} 1-0

[Event "86th UKR-ch Men 2017"]
[Site "Zhytomyr"]
[Date "2017.12.13"]
[Round "7"]
[White "Frolov, Artur"]
[Black "Vypkhaniuk, Ihor"]
[Result "0-1"]
[WhiteElo "2416"]
[BlackElo "2336"]
[Annotator "TA"]
[PlyCount "116"]
[EventDate "2017.??.??"]
[EventType "tourn"]
[EventCountry "UKR"]
[SourceTitle "playchess.com"]
[Source "ChessBase"]
[SourceQuality "1"]

{[%evp 9,116,-6,-2,-5,5,-25,-16,-20,-36,-39,-47,-64,-54,-72,-62,-58,-31,-26,-25,-78,-77,-81,-73,-98,-87,-81,-54,-154,-147,-145,-147,-162,-157,-143,-149,-139,-147,-151,-154,-226,-211,-202,-209,-201,-203,-200,-209,-214,-59,-59,-18,-17,-37,-52,-62,-154,-164,-178,-175,-185,-185,-180,-158,-210,-209,-244,-245,-245,-244,-350,-353,-472,-441,-621,-581,-807,-827,-1645,-1479,-1605,-1531,-1514,-713,-1591,-1591,-1565,-1330,-1565,-525,-739,0,-1565,-1448,-2060,-1840,-4706,-8120,-29980,-29981,-29981,-29982,-29982,-29983,-29985,-29986,-29987,-29988,-29990,-29991]} 1. e4 d6 2. f4 d5 3. d3 (3. exd5 Nf6 4. Nf3 Nxd5 5. d4 e6 6. Be2 c5 7. c4 Nf6 8. Nc3 cxd4 9. Qxd4 Bd7 10. a3 {½-½ (68) Ivanchuk,V (2728)-Can,E (2571) Izmir 2016}) 3... dxe4 4. dxe4 Qxd1+ 5. Kxd1 e5 $146 ({Predecessor:} 5... Nc6 6. c3 Nf6 7. Bd3 g5 8. Nf3 Ng4 9. Ke2 gxf4 10. Bxf4 {½-½ (34) Hengl,C (2225)-Kleissl,H (2271) Austria 2009}) 6. Nf3 {B07: Pirc Defence: Miscellaneous Systems} Nf6 7. Bc4 Nxe4 {Hoping for ...Nf2+.} 8. Re1 {The position is equal.} Nd6 $1 {[%cal Rd6c4]} 9. Rxe5+ Be7 10. Bb3 Nc6 11. Re2 Bg4 12. Nbd2 h5 13. h3 Bf5 14. Nf1 (14. Ba4 $11) 14... O-O-O 15. Bd2 Bf6 16. Ne3 Be4 ({Don't play} 16... Bxb2 $6 17. Rb1 $11) 17. c3 Rhe8 $36 {[%mdl 2048] Black fights for an advantage.} 18. Nd5 {[#]} ({White should play} 18. Nc4 $15) 18... Na5 $1 $17 {[%cal Ra5b3]} 19. Nxf6 gxf6 20. Ke1 Nac4 21. Bc1 Bd3 22. Rxe8 Rxe8+ 23. Kf2 {[#]} Nxb2 $1 {[%mdl 512]} 24. Be3 (24. Ne5 $17 {was necessary.}) (24. Bxb2 Re2+) 24... Ne4+ 25. Kg1 Nxc3 26. Bd2 Ne2+ 27. Kf2 Ba6 28. Bxf7 Re7 $2 (28... Nd3+ $19 29. Kf1 Re7) 29. Bg6 $15 Nd3+ 30. Bxd3 $1 Bxd3 31. Re1 {Black must now prevent Ng1.} Rg7 32. g4 ({White should try} 32. Nh4 $15) 32... hxg4 $17 33. hxg4 Rxg4 34. Rxe2 Bxe2 35. Kxe2 Kd7 36. Kd3 (36. Be3 $17) 36... c5 $19 37. a4 b6 38. Be3 Ke6 39. a5 (39. Nd2 $142) 39... Kd5 ({Not} 39... bxa5 40. Bxc5 Rg3 41. Ke4 $19) 40. axb6 axb6 41. Bc1 (41. Nd2 $142 b5 42. Nf1) 41... b5 {[%cal Bb6b5,Bb5b4][%mdl 32]} 42. Ke3 Rg2 43. Nd2 b4 44. Bb2 f5 45. Be5 Rh2 (45... c4 $142 46. Nf1 c3) 46. Nf1 Ra2 47. Kf3 Kc4 48. Ke3 Kb3 (48... b3 $142 49. Ng3 b2 50. Bxb2 Rxb2 51. Nxf5 Rb6) 49. Bd6 Kc4 (49... Rc2 $142 50. Kf3 Ka2) 50. Be5 $1 b3 51. Nd2+ Kb4 52. Kd3 Rc2 53. Nb1 c4+ {Black mates.} 54. Kd4 b2 55. Bd6+ Kb3 56. Ke5 c3 57. Kxf5 Rc1 58. Nxc3 Rxc3 {Precision: White = 28%, Black = 78%.} ({And not} 58... Kxc3 59. Be5+ Kc4 60. Bxb2 $11) 0-1

[Event "86th UKR-ch Men 2017"]
[Site "Zhytomyr"]
[Date "2017.12.14"]
[Round "8"]
[White "Onischuk, Vladimir"]
[Black "Frolov, Artur"]
[Result "1-0"]
[WhiteElo "2637"]
[BlackElo "2416"]
[Annotator "TA"]
[PlyCount "95"]
[EventDate "2017.??.??"]
[EventType "tourn"]
[EventCountry "UKR"]
[SourceTitle "playchess.com"]
[Source "ChessBase"]
[SourceQuality "1"]

{[%evp 26,95,10,14,42,32,27,43,42,37,61,56,82,82,79,83,79,57,73,56,73,63,61,20,80,80,80,80,103,80,98,97,106,86,94,99,91,88,106,106,131,132,114,129,200,193,161,124,216,220,170,156,289,284,533,508,456,455,1097,1190,1914,1968,1843,1771,1750,1637,5616,2561,29981,29983,29983,29984]} 1. e4 c5 2. Nf3 Nc6 3. Bb5 g6 4. Bxc6 dxc6 5. h3 Bg7 6. d3 Nf6 7. Nc3 Nd7 8. Be3 e5 9. O-O Qe7 10. Qd2 Nf8 {B31: Sicilian: 2...Nc6 3 Bb5 g6} 11. Bh6 f6 12. Bxg7 Qxg7 13. a3 Ne6 14. b4 {[#] LiveBook: 9 Games} cxb4 $146 ({Predecessor:} 14... O-O 15. Na4 b6 16. bxc5 b5 17. Nc3 Qe7 18. Qe3 Qxc5 19. Qxc5 Nxc5 {½-½ (44) Pridorozhni,A (2569)-Goganov,A (2601) Vladivostok 2015}) 15. axb4 O-O 16. Qe3 a6 17. Na4 Rd8 18. Rfd1 Nd4 19. Nxd4 exd4 20. Qg3 {Black must now prevent Nb6.} Be6 21. h4 {[%cal Bh3h4,Bh4h5][%mdl 32]} Qe7 22. h5 Bf7 23. Nb6 Rab8 24. h6 Qd6 (24... Re8 $11 {keeps the balance.}) 25. Qxd6 $16 Rxd6 26. f4 Re8 27. Ra5 Rdd8 28. Kf2 Kf8 29. g4 Ke7 30. g5 fxg5 31. Rxg5 ({Of course not} 31. fxg5 Rf8 $11) 31... Kd6 32. Kf3 Kc7 33. Nc4 Bxc4 34. dxc4 {[%mdl 4096] Endgame KRR-KRR} b6 (34... Kb6 $16) 35. Rd3 Rd7 36. e5 c5 (36... a5 $16 {was necessary.}) 37. bxc5 $18 bxc5 38. Ke4 Kc6 (38... a5 $16 39. Ra3 Kb6) 39. Ra3 Ra7 $2 {[#]} (39... Kb6 {might work better.} 40. Rg1 Ra8 41. Rb3+ Kc7) 40. f5 gxf5+ 41. Rxf5 Re6 (41... a5 $142 42. Rf6+ Kc7) 42. Rf6 Rxf6 43. exf6 {[%cal Be5f6,Bf6f7][%mdl 32] KR-KR} Kd6 44. Kf5 a5 45. Ra1 a4 {[#]} 46. Re1 $1 {[%cal Re1e6] White wants to mate with Re6+.} Ra8 47. f7 Kd7 48. Kf6 {Precision: White = 78%, Black = 31%.} 1-0

[Event "86th UKR-ch Men 2017"]
[Site "Zhytomyr"]
[Date "2017.12.14"]
[Round "8"]
[White "Vovk, Andriy"]
[Black "Neverov, Valeriy"]
[Result "1-0"]
[WhiteElo "2634"]
[BlackElo "2496"]
[Annotator "TA"]
[PlyCount "63"]
[EventDate "2017.??.??"]
[EventType "tourn"]
[EventCountry "UKR"]
[SourceTitle "playchess.com"]
[Source "ChessBase"]
[SourceQuality "1"]

{[%evp 12,63,2,-18,50,54,50,52,70,62,59,83,95,91,102,98,90,75,56,62,87,68,157,139,150,146,146,123,259,279,255,244,300,287,286,281,265,271,279,275,436,435,422,436,437,437,429,421,447,450,535,528,516,515]} 1. e4 e5 2. Nf3 Nc6 3. d4 exd4 4. Nxd4 Bb4+ 5. c3 Bc5 (5... Be7 6. Nxc6 bxc6 7. Bd3 d6 8. O-O Nf6 9. Re1 O-O 10. Nd2 Re8 11. Nf3 Nd7 12. Bf4 Nc5 13. Bc2 Bg4 14. h3 Bh5 15. Be3 Nd7 16. Ba4 c5 {0-1 (29) So,W (2810)-Carlsen,M (2822) Saint Louis 2017}) 6. Nf5 {C45: Scotch Game} g6 7. Be3 {LiveBook: 3 Games} Bxe3 (7... gxf5 $11 8. Bxc5 fxe4) 8. Nxe3 $14 {White is slightly better.} Nf6 9. f3 O-O 10. c4 d6 11. Nc3 Nh5 12. Qd2 Ng7 13. h4 $146 {[%cal Bh2h4,Bh4h5][%mdl 32]} ({Predecessor:} 13. Ncd5) 13... f5 14. exf5 Nxf5 15. Nxf5 Bxf5 {[#]} 16. O-O-O $1 Be6 (16... Qe8 $14) 17. h5 $16 {aiming for hxg6.} g5 18. h6 Rf4 19. Qe3 Bf7 {[#]} (19... Qe7 $16) 20. g3 $1 $18 {[%cal Rg3f4]} Rf5 21. f4 $40 {[%mdl 128] White has strong attack.} Qe7 22. Qxe7 Nxe7 23. Bd3 gxf4 24. Bxf5 Nxf5 25. Rdf1 ({Much less strong is} 25. gxf4 $6 Bxc4 26. b3 Bf7 $16) 25... Ne3 (25... Ne7 $142 26. gxf4 (26. Rxf4 Ng6 $18) 26... Nf5) 26. Rxf4 {White is clearly winning.} Nxc4 27. Rg4+ Kh8 28. Rg7 Ne5 29. Rf1 Bc4 30. Rf6 Rc8 31. b3 Bg8 32. Nb5 $1 {[%csl LRa7,LRc7] Precision: White = 86%, Black = 31%.} 1-0

[Event "86th UKR-ch Men 2017"]
[Site "Zhytomyr"]
[Date "2017.12.14"]
[Round "8"]
[White "Kovchan, Alexander"]
[Black "Gasanov, Eldar"]
[Result "1/2-1/2"]
[WhiteElo "2592"]
[BlackElo "2488"]
[Annotator "TA"]
[PlyCount "69"]
[EventDate "2017.??.??"]
[EventType "tourn"]
[EventCountry "UKR"]
[SourceTitle "playchess.com"]
[Source "ChessBase"]
[SourceQuality "1"]

{[%evp 27,69,9,0,0,9,0,0,0,29,22,29,18,33,33,59,59,85,88,99,102,110,117,113,121,122,118,120,120,120,102,120,120,120,120,113,70,118,52,47,22,28,24,28,20]} 1. e4 c5 2. Nf3 Nc6 3. d4 cxd4 4. Nxd4 Nf6 5. Nc3 d6 6. Be2 e5 7. Nf3 h6 8. O-O Be7 9. Re1 O-O 10. h3 Be6 11. Bf1 Qa5 12. Bd2 Qd8 13. Bc1 Qa5 14. a3 {[%cal Ba2a3,Ba3a4][%mdl 32]} Rfc8 {[#] LiveBook: 16 Games} 15. Qd3 $146 {B58: Classical Sicilian: 6 Be2} ({Predecessor:} 15. Rb1 Nb8 16. Nh4 Nc6 17. Nf3 Nb8 18. Nh4 Nc6 19. Nf3 Nb8 {½-½ (21) Smeets,J (2538)-Nijboer,F (2638) Wijk aan Zee 2007}) 15... Nb8 16. Nh4 Nbd7 17. Bd2 {The position is equal.} Qc7 18. Qf3 a6 19. a4 Qc6 20. Nf5 Bf8 21. Bd3 Rab8 22. a5 b5 23. axb6 $1 Rxb6 24. b3 {[%cal Bb2b3,Bb3b4][%mdl 32]} Qb7 25. Na4 Rbc6 26. Ne3 R6c7 27. Ba5 Rc6 28. b4 Be7 29. Reb1 Ra8 30. c4 Rcc8 31. c5 Bd8 32. cxd6 ({Better is} 32. Nc4 $16 Bxc4 33. Bxc4) 32... Qc6 $1 $14 33. Qe2 Qxd6 34. Rd1 Qc6 35. Bxd8 {Precision: White = 53%, Black = 54%.} 1/2-1/2

[Event "86th UKR-ch Men 2017"]
[Site "Zhytomyr"]
[Date "2017.12.14"]
[Round "8"]
[White "Bernadskiy, Vitaliy"]
[Black "Shevchenko, Kirill"]
[Result "1/2-1/2"]
[WhiteElo "2583"]
[BlackElo "2547"]
[Annotator "TA"]
[PlyCount "60"]
[EventDate "2017.??.??"]
[EventType "tourn"]
[EventCountry "UKR"]
[SourceTitle "playchess.com"]
[Source "ChessBase"]
[SourceQuality "1"]

{[%evp 13,60,0,0,0,0,-20,-3,-7,-17,-18,-18,-46,-52,-40,-22,-37,-22,-27,-26,-64,-63,-53,-42,-47,-10,-14,-31,-68,-22,-20,-20,-21,-46,-57,-36,-36,-36,-36,-36,-38,-39,-34,-39,-43,-28,-36,0,-44,0]} 1. e4 e5 2. Nf3 Nc6 3. Nc3 Nf6 4. a3 d5 5. exd5 Nxd5 6. Bb5 {C47: Scotch Four Knights and Four Knights with 4 g3} Nxc3 7. bxc3 Bd6 {LiveBook: 17 Games} 8. O-O {The position is equal.} (8. d4 exd4 9. Qe2+ Qe7 10. Qxe7+ Kxe7 11. cxd4 a6 12. Bxc6 bxc6 13. c4 Re8 {0-1 (45) Motylev,A (2686)-Karjakin,S (2777) Moscow 2014}) 8... O-O 9. Re1 Re8 10. d3 Bg4 11. h3 Bh5 12. g4 $146 ({Predecessor:} 12. Qe2 Qd7 13. Qe4 f5 {0-1 (31) Morris,J (2378)-Ly,M (2460) Sydney 2015}) 12... Bg6 13. Ng5 {[#]} e4 $1 {[%mdl 512]} 14. Nxe4 (14. dxe4 h6) 14... Bxe4 15. dxe4 Rxe4 16. Bf1 ({Much worse is} 16. Rxe4 Bh2+ 17. Kxh2 Qxd1 $17) 16... Rxe1 17. Qxe1 Qf6 18. Bg2 Be5 19. Rb1 Re8 {[#] Strongly threatening ...Bh2+!} 20. Kh1 Re7 21. Be3 Na5 22. c4 Nxc4 23. g5 Qd6 24. Rd1 Qe6 $1 {Threatens to win with ...Bd6.} 25. Rd8+ Re8 26. Rxe8+ Qxe8 27. Bxa7 Qb5 28. Bf1 {aiming for Bxc4.} Qd5+ 29. Bg2 Qb5 30. Bf1 $1 {[%cal Rf1c4] Hoping for Bxc4.} Qd5+ {Precision: White = 78%, Black = 75%.} 1/2-1/2